000 00416nam a2200157Ia 4500
008 210719s2003 xx 000 0 und d
041 _aeng
082 _a820.13 SKAS
100 _aSKANDA PRASAD (V S)
245 _aSwing: a collection of poems
260 _aMangalore
_bChetana Literary Group.,
_c2003
300 _a38
_bPB
365 _b50
_cRs
650 _aEnglish Literature
650 _aIndian English Poetry
999 _c213671
_d213671